Высочайше утвержденные правила старшинства членов дипломатического корпуса при Императорском дворе

Доступно только в Электронных читальных залах Найти на картеНа карте
RUSMARC
00003742nmc2a22002533x 450
0011c2feaf3-2101-4b5e-a566-11b7c6fbe4cf
00520250813131623.0
100##$a20250414l18831883k l0rusy0189 ca
1010#$arus
$afre
102##$aRU
105##$ay###
1220#$ad
2001#$aВысочайше утвержденные правила старшинства членов дипломатического корпуса при Императорском дворе
$j9 февраля 1883 г.
215##$a5 л.
$d26,5х19 см
251##$cДело
300##$aНа обложке указано: "Экспедиция церемониальных дел Министерства императорского двора"
300##$aНа русском и французском языках
371##$aДокумент не является опубликованным и широко распространяемым
461#0$10011beca410-31e9-4f28-916a-592ca9443f69
$12001
$aЦеремониальная часть Министерства императорского двора
$1251
$cФонд
$1852
$j473
462#0$1001a54d7da2-27dc-4d4e-832c-8830aaafd738
$12001
$aЦеремониальная часть Министерства императорского двора
$1251
$cОпись
$1852
$j3
801#0$aRU
$bРГИА
$c20250414
$gRCR
801#1$aRU
$bГлавНИВЦ
$c20250414
$2rusmarc
801#2$aRU
$bПБ им. Б.Н. Ельцина
$c20250813
$gRCR
$2rusmarc
850##$aРГИА
852##$aРГИА
$eФедеральное казенное учреждение "Российский государственный исторический архив" (РГИА)
$j355
937##$hРГИА
$d12423590
$aASBIBLIO_SCAN
035##$aRusGRCC00084665
856##$uhttp://readingroom.main.prlib.ru/item.aspx?id_node=n197872816&mode=full
Формат отображения